000 00195 a2200097 4500
001 41236
100 _a
245 _aJane's weapon systems
260 _aJanes
_bPuh Co
_c
090 _c25448
_d25448
942 _aNUST-CAE
_cM
_c17167
999 _c276309
_d276309